Statistics for Led Zeppelin Song Titles in French

Click here to take the quiz!

General Stats

  • This quiz has been taken 44 times
  • The average score is 10 of 16

Answer Stats

HintAnswer% Correct
chien noirBlack Dog
93%
escalier au cielStairway to Heaven
93%
la chanson des immigrésImmigrant Song
85%
Tout mon amourAll My Love
78%
bon temps mauvais tempsGood Times Bad Times
75%
Panne de communicationCommunication Breakdown
68%
quand la levée se briseWhen the Levee Breaks
68%
MandarineTangerine
65%
Hébété et confusDazed and Confused
63%
Jours de danseDancing Days
55%
Bébé je vais te quitterBabe I'm Gonna Leave You
50%
Brise-cœurHeartbreaker
50%
Ce qui est et ce qui ne deverait jamais êtreWhat Is and What Should Never Be
38%
Imbécile sous la pluieFool in the Rain
35%
Au dessus des collines et loin de làOver the Hills and Far Away
35%
Depuis que je t'aimeSince I've Been Loving You
35%

Score Distribution

Percentile by Number Answered

Percent of People with Each Score

Your Score History

You have not taken this quiz